[Event "23e tournoi d'automne"]
[Site "Montigny le Bretonneux"]
[Date "2025.10.24"]
[Round "7.5"]
[White "Plantet, Marc"]
[Black "Beaufils, Philippe"]
[Result "1-0"]
[WhiteElo "1826"]
[BlackElo "1835"]
[Annotator "Rivier,Sylvain"]
[PlyCount "49"]
[EventDate "2025.??.??"]
[WhiteTeam "La Dame Noire"]
[BlackTeam "GIF-CC2-Echecs"]

{Partie du pion dame} 1. d4 d5 2. Nc3 Nf6 3. Bf4 c6 4. e3 e6 5. Nf3 Bd6 6. Ne5
O-O 7. Bd3 b6 8. g4 Qc7 9. g5 Ne8 10. Qh5 g6 11. Qh6 Ba6 12. Rg1 Bxd3 13. cxd3
Ng7 14. Ng4 f6 15. Nxf6+ Kf7 16. Rg4 Rh8 17. Bxd6 Qxd6 18. Rf4 Nf5 19. Qh3 Kg7
20. O-O-O Na6 21. Qf3 h6 22. h4 h5 23. e4 Nxd4 24. Ne8+ Raxe8 25. Rf7+ 1-0

[Event "23e tournoi d'automne"]
[Site "Montigny le Bretonneux"]
[Date "2025.10.24"]
[Round "7.6"]
[White "Conq, Alain"]
[Black "Boutant, Jade"]
[Result "1-0"]
[WhiteElo "1748"]
[BlackElo "1787"]
[Annotator "Rivier,Sylvain"]
[PlyCount "102"]
[EventDate "2025.??.??"]
[WhiteTeam "Echiquier Scéen - Sceaux"]
[BlackTeam "Le Petit-Roque de Sèvres-Ville d'Avray"]

{Gambit dame} 1. d4 d5 2. c4 c6 3. Nc3 e6 4. e4 dxe4 5. Nxe4 Bb4+ 6. Nc3 Ne7 7.
a3 Bd6 8. c5 Bc7 9. Nf3 Nd7 10. Bg5 h6 11. Bh4 b6 12. b4 f5 13. Bxe7 Qxe7 14.
Bc4 g5 15. O-O g4 16. Re1 Nf8 17. Ne5 Bxe5 18. Rxe5 h5 19. Qe2 b5 20. Bb3 Ng6
21. Re3 Nf4 22. Qe1 Kf7 23. g3 Nh3+ 24. Kg2 Rh6 25. d5 cxd5 26. Nxb5 Kg8 27.
Nd6 Qf6 28. Bxd5 exd5 29. Re8+ Kg7 30. Nxc8 Ng5 31. Re7+ Kg6 32. Nd6 Ne4 33.
Rf7 Qb2 34. Rxf5 Nxd6 35. Rxd5 Nf5 36. Qe6+ Qf6 37. Qe4 Rf8 38. Rd6 Rf7 39.
Rxf6+ Kxf6 40. Re1 Kg7 41. Qe5+ Rhf6 42. c6 Rf8 43. c7 Kg6 44. Rd1 h4 45. Rd8
h3+ 46. Kg1 Rc6 47. Kf1 Rc1+ 48. Ke2 Rxc7 49. Qxc7 Rf7 50. Qc6+ Rf6 51. Rg8+
Kf7 1-0

[Event "23e tournoi d'automne"]
[Site "Montigny le Bretonneux"]
[Date "2025.10.24"]
[Round "7.7"]
[White "Warin, Anouk"]
[Black "Mourgues, Joelle"]
[Result "0-1"]
[WhiteElo "1590"]
[BlackElo "1686"]
[Annotator "Rivier,Sylvain"]
[PlyCount "112"]
[EventDate "2025.??.??"]
[WhiteTeam "C.E. Fontenay le Fleury Les Fous Furieux"]
[BlackTeam "Saint-Quentin en Yvelines"]

{Défense sicilienne, gambit Morra} 1. e4 c5 2. d4 cxd4 3. c3 d3 4. Bxd3 d6 5.
Nf3 Nc6 6. O-O Nf6 7. c4 g6 8. Nc3 Bg7 9. h3 a6 10. Be3 O-O 11. Nd5 Nd7 12. Qd2
e6 13. Nc3 Nc5 14. Rfd1 Qe7 15. Be2 Rd8 16. e5 dxe5 17. Bxc5 Qxc5 18. Qc2 Nd4
19. Nxd4 exd4 20. Ne4 Qe7 21. Qd3 e5 22. Bf3 Be6 23. Qc2 Rac8 24. b3 f5 25. Qd3
fxe4 26. Bxe4 Qf7 27. Qg3 Qf4 28. Qxf4 exf4 29. Bxb7 Rc7 30. Bxa6 d3 31. Rac1
Bf5 32. Rd2 Bh6 33. f3 Bg7 34. c5 Bd4+ 35. Kf1 Rxc5 36. Bc4+ Kg7 37. Rcd1 Be3
38. Re2 Rc7 39. a4 Kf6 40. a5 Bd4 41. Ra2 Bc3 42. a6 Ra7 43. Kf2 Bd4+ 44. Ke1
Be3 45. Kf1 g5 46. Ke1 h6 47. Rb2 Rd6 48. b4 Rd4 49. Bb5 d2+ 50. Ke2 Bc8 51.
Ra1 Rd6 52. Rba2 Rb6 53. Ra5 Be6 54. Rb1 h5 55. Bd3 Bc8 56. Rf5+ Bxf5 0-1

[Event "23e tournoi d'automne"]
[Site "Montigny le Bretonneux"]
[Date "2025.10.24"]
[Round "7.8"]
[White "Marques, Gil"]
[Black "Barthere, Gilles"]
[Result "0-1"]
[WhiteElo "1615"]
[BlackElo "1551"]
[Annotator "Rivier,Sylvain"]
[PlyCount "60"]
[EventDate "2025.??.??"]
[WhiteTeam "C.E. de  Bois-Colombes"]
[BlackTeam "CE Le Roi Soleil - Le Chesnay - Versailles"]

{Défense Nimzo-indienne, variante classique} 1. d4 Nf6 2. c4 e6 3. Nc3 Bb4 4.
e3 O-O 5. Qc2 c5 6. Bd3 cxd4 7. exd4 d5 8. Nf3 dxc4 9. Bxc4 Nc6 10. a3 Nxd4 11.
Nxd4 Qxd4 12. Bd3 Bxc3+ 13. bxc3 Qh4 14. O-O Bd7 15. f3 Rac8 16. Be3 a6 17. a4
Nd5 18. Bd2 g6 19. a5 Rc7 20. Rfe1 Rfc8 21. c4 Qd4+ 22. Kh1 Bb5 23. Rab1 Bxc4
24. Bxc4 Qxc4 25. Qxc4 Rxc4 26. Rxb7 Rc2 27. Bh6 Nc7 28. Rd1 g5 29. Rd7 Ne8 30.
Re7 Rc1# 0-1

[Event "23e tournoi d'automne"]
[Site "Montigny le Bretonneux"]
[Date "2025.10.24"]
[Round "7.9"]
[White "Salagnac, Sowan"]
[Black "Couradin, Jean-Marie"]
[Result "1-0"]
[WhiteElo "1744"]
[BlackElo "1666"]
[Annotator "Rivier,Sylvain"]
[PlyCount "47"]
[EventDate "2025.??.??"]
[WhiteTeam "Saint-Quentin en Yvelines"]
[BlackTeam "La Dame Noire"]

{Défense française, variante Rubinstein} 1. e4 e6 2. d4 d5 3. Nc3 dxe4 4.
Nxe4 Nd7 5. Nf3 Ngf6 6. Bd3 Nxe4 7. Bxe4 Nf6 8. Bd3 c5 9. O-O cxd4 10. Nxd4 Be7
11. Re1 O-O 12. c3 Bd7 13. Qe2 Qc7 14. Bd2 Rfd8 15. h3 Bd6 16. Bg5 Bc6 17. Bxf6
gxf6 18. Qh5 f5 19. Qg5+ Kh8 20. Qf6+ Kg8 21. Bxf5 exf5 22. Nxf5 Bf8 23. Re7
Bxe7 24. Qg7# 1-0

[Event "23e tournoi d'automne"]
[Site "Montigny le Bretonneux"]
[Date "2025.10.24"]
[Round "7.10"]
[White "Talbi, Ibrahim"]
[Black "Gazay, Didier"]
[Result "1-0"]
[WhiteElo "1688"]
[BlackElo "1730"]
[Annotator "Rivier,Sylvain"]
[PlyCount "61"]
[EventDate "2025.??.??"]
[WhiteTeam "La Tour de Mantes"]
[BlackTeam "Echiquier Scéen - Sceaux"]

{Défense sicilienne, fianchetto accéléré} 1. e4 c5 2. Nf3 Nc6 3. d4 cxd4 4.
Nxd4 g6 5. h4 h5 6. Nc3 Bg7 7. Be3 Nf6 8. Bc4 d6 9. Qd2 Ng4 10. Nxc6 bxc6 11.
Bg5 Qa5 12. O-O Ne5 13. Bb3 Ba6 14. Rfe1 Nc4 15. Qf4 Be5 16. Qf3 f6 17. Bf4 Bd4
18. e5 d5 19. exf6 Bxf6 20. Bc7 Qc5 21. Qxf6 Rf8 22. Qxg6+ Kd7 23. Bg3 Rf6 24.
Qxh5 Qd4 25. Rad1 Nd2 26. Qe5 Qc5 27. Rxd2 Rb8 28. Nxd5 Rf5 29. Qc7+ Ke8 30.
Rxe7+ Qxe7 31. Qxe7# 1-0

[Event "23e tournoi d'automne"]
[Site "Montigny le Bretonneux"]
[Date "2025.10.24"]
[Round "7.11"]
[White "Archet, Jean-Claude"]
[Black "Duget, Long Jc"]
[Result "0-1"]
[WhiteElo "1554"]
[BlackElo "1707"]
[Annotator "Rivier,Sylvain"]
[PlyCount "30"]
[EventDate "2025.??.??"]
[WhiteTeam "Club 608 d'Echecs Paris"]
[BlackTeam "C.E. Fontenay le Fleury "]

{Défense moderne} 1. e4 c5 2. c3 d5 3. exd5 Qxd5 4. d4 g6 5. Nf3 Bg7 6. Be2
Nf6 7. h3 O-O 8. O-O cxd4 9. Nxd4 a6 10. Bf3 Qa5 11. Re1 e5 12. Nb3 Qc7 13. c4
Be6 14. N3d2 Nbd7 15. b3 e4 0-1

[Event "23e tournoi d'automne"]
[Site "Montigny le Bretonneux"]
[Date "2025.10.24"]
[Round "7.12"]
[White "Chatterjee, Adhyayan"]
[Black "Moulun, Raphael"]
[Result "1-0"]
[WhiteElo "1692"]
[BlackElo "1583"]
[Annotator "Rivier,Sylvain"]
[PlyCount "75"]
[EventDate "2025.??.??"]
[WhiteTeam "C.E. de  Bois-Colombes"]
[BlackTeam "La Dame Noire"]

{Défense Petroff} 1. e4 e5 2. Nf3 Nf6 3. Nxe5 Nxe4 4. Qe2 Qe7 5. Qxe4 d6 6.
Nc3 Qxe5 7. Qxe5+ dxe5 8. Bc4 b6 9. O-O Bb7 10. Re1 Nd7 11. d4 f6 12. dxe5 fxe5
13. Bg5 Bc5 14. Rad1 Rf8 15. Be3 Bxe3 16. Rxe3 O-O-O 17. Be6 e4 18. Nxe4 Bc6
19. Ng3 Rfe8 20. Bxd7+ Bxd7 21. Rxe8 Rxe8 22. f3 g6 23. Kf2 Bc6 24. Re1 Rxe1
25. Kxe1 Kd7 26. Ne4 Ke6 27. Ke2 h6 28. Ke3 Ke5 29. Nf2 Kf5 30. h4 Bd5 31. g4+
Kf6 32. Ne4+ Ke6 33. Nc3 Bc6 34. Kf4 g5+ 35. hxg5 hxg5+ 36. Kxg5 Bxf3 37. Nb5
Bc6 38. Nd4+ 1-0

[Event "23e tournoi d'automne"]
[Site "Montigny le Bretonneux"]
[Date "2025.10.24"]
[Round "7.13"]
[White "Jusselin, Benoit"]
[Black "Meddour, Ithri"]
[Result "0-1"]
[WhiteElo "1627"]
[BlackElo "1619"]
[Annotator "Rivier,Sylvain"]
[PlyCount "108"]
[EventDate "2025.??.??"]
[WhiteTeam "La Diagonale - Eybens"]
[BlackTeam "Saint-Quentin en Yvelines"]

{Ouverture anglaise} 1. b3 f5 2. Bb2 Nf6 3. c4 e6 4. g3 c6 5. Bg2 b6 6. Nf3 Bb7
7. O-O d5 8. Nc3 Bd6 9. e3 O-O 10. cxd5 exd5 11. Qc2 Nbd7 12. Nd4 Re8 13. Nxf5
Qc7 14. Nxd6 Qxd6 15. Ne2 Ba6 16. Rfe1 Ne5 17. Bxe5 Qxe5 18. d4 Qd6 19. Rac1
Rac8 20. Nf4 Rc7 21. Nd3 Bxd3 22. Qxd3 Ne4 23. Bxe4 Rxe4 24. f3 Re6 25. e4 Rce7
26. e5 Qb8 27. f4 Qe8 28. b4 Qh5 29. Qe2 Qf5 30. Rf1 Rg6 31. Rf2 Rc7 32. Qf3 h5
33. Kg2 Rf7 34. Rfc2 Qxf4 35. Qxf4 Rxf4 36. Rxc6 Rxc6 37. Rxc6 Rxd4 38. a3 Rc4
39. Rxc4 dxc4 40. Kf2 Kf7 41. Ke3 Ke6 42. Kd4 b5 43. a4 a6 44. a5 g5 45. h3 g4
46. hxg4 hxg4 47. Ke4 c3 48. Kd3 c2 49. Kxc2 Kxe5 50. Kd3 Kd5 51. Kc3 Ke4 52.
Kd2 Kf3 53. Ke1 Kxg3 54. Kf1 Kh2 0-1

[Event "23e tournoi d'automne"]
[Site "Montigny le Bretonneux"]
[Date "2025.10.24"]
[Round "7.14"]
[White "Longbien, Dominique"]
[Black "Gasq, Eliott"]
[Result "1/2-1/2"]
[WhiteElo "1625"]
[BlackElo "1508"]
[Annotator "Rivier,Sylvain"]
[PlyCount "116"]
[EventDate "2025.??.??"]
[WhiteTeam "La Dame Noire"]
[BlackTeam "La Dame Noire"]

{Gambit dame} 1. d4 d5 2. c4 e6 3. Nf3 Nf6 4. cxd5 exd5 5. Nc3 Be7 6. Bf4 a6 7.
h3 Bf5 8. Nh4 Be6 9. e3 Ne4 10. Nf3 Bb4 11. Qb3 Nc6 12. Bd3 Rb8 13. O-O O-O 14.
Qc2 Nf6 15. Ng5 h6 16. Nxe6 fxe6 17. Ne2 Qd7 18. a3 Bd6 19. Bxd6 Qxd6 20. f3
Kh8 21. Kh1 Nh5 22. Kg1 e5 23. Qc5 Qe6 24. e4 exd4 25. exd5 Qe3+ 26. Kh2 Qxd3
27. dxc6 Qxe2 28. Qxh5 Qxb2 29. Rfb1 Qc3 30. cxb7 Rxb7 31. Rxb7 Qxa1 32. Qe5
Qxa3 33. Rxc7 Rg8 34. Qxd4 Qa5 35. Ra7 Qb5 36. Qd6 a5 37. Qc7 a4 38. Ra5 Qb3
39. Qa7 Qb8+ 40. Qxb8 Rxb8 41. Rxa4 Kh7 42. Ra2 Rf8 43. Rf2 g5 44. g4 Kg6 45.
Kg3 Rf6 46. f4 Rd6 47. f5+ Kf6 48. Rf3 Rc6 49. Re3 Rd6 50. Kf3 Rb6 51. Ke4 Rd6
52. Kf3 Rb6 53. Rd3 Ke5 54. Ke3 Rb4 55. Rd8 Rb3+ 56. Kf2 Rxh3 57. Re8+ Kf6 58.
Re6+ Kg7 1/2-1/2

[Event "23e tournoi d'automne"]
[Site "Montigny le Bretonneux"]
[Date "2025.10.24"]
[Round "7.15"]
[White "Carbonero, Jean Marc"]
[Black "Martinez, Alberto"]
[Result "0-1"]
[WhiteElo "1399"]
[BlackElo "1527"]
[Annotator "Rivier,Sylvain"]
[PlyCount "98"]
[EventDate "2025.??.??"]
[WhiteTeam "La Dame Noire"]
[BlackTeam "Le Petit-Roque de Sèvres-Ville d'Avray"]

{Défense sicilienne, attaque Canal-Sokolsky} 1. e4 c5 2. Nf3 d6 3. Bb5+ Nd7 4.
O-O a6 5. Be2 Ngf6 6. Nc3 e5 7. a3 Nb6 8. d3 Be7 9. Be3 O-O 10. b3 Bd7 11. a4
Rc8 12. Nd5 Nbxd5 13. exd5 Nxd5 14. Bd2 Bf6 15. c4 Ne7 16. b4 e4 17. Rb1 exf3
18. Bxf3 b6 19. Bb7 Rc7 20. Bxa6 Bd4 21. Re1 Ng6 22. Bb5 Bf5 23. Rb3 Ne5 24. a5
bxa5 25. bxa5 Ra7 26. a6 Nxd3 27. Re2 Ne5 28. Kh1 Qh4 29. g3 Qe4+ 30. Rxe4
Bxe4+ 31. Kg1 Nd3 32. Be3 Bf6 33. f3 Bg6 34. Rxd3 Bxd3 35. Qxd3 Rd8 36. Bxc5
dxc5 37. Qf5 Bd4+ 38. Kg2 g6 39. Qb1 Rb8 40. Qe4 Rc8 41. g4 Kg7 42. f4 Rcc7 43.
h4 Re7 44. Qc6 Re2+ 45. Kf1 Rf2+ 46. Ke1 Re7+ 47. Kd1 Bc3 48. Qh1 Ra2 49. Kc1
Ra1+ 0-1

[Event "23e tournoi d'automne"]
[Site "Montigny le Bretonneux"]
[Date "2025.10.24"]
[Round "7.16"]
[White "Bimont, Stephanie"]
[Black "Le Yaouanq, Gerard"]
[Result "1-0"]
[WhiteElo "1551"]
[BlackElo "1567"]
[Annotator "Rivier,Sylvain"]
[PlyCount "87"]
[EventDate "2025.??.??"]
[WhiteTeam "Inter Chess"]
[BlackTeam "Saint-Quentin en Yvelines"]

{Défense sicilienne, variante Alapine} 1. e4 c5 2. c3 e6 3. d4 Qc7 4. Nf3 a6
5. Be2 d6 6. Be3 Nd7 7. O-O b6 8. Nbd2 Bb7 9. Rc1 h6 10. Qc2 Ne7 11. Rfd1 Nc8
12. Nb3 Be7 13. dxc5 Nxc5 14. Nxc5 bxc5 15. Nd2 O-O 16. Bf3 Rd8 17. c4 a5 18.
b3 Na7 19. Nb1 Rab8 20. Nc3 Bc6 21. h3 Be8 22. Bf4 Bc6 23. Qd2 e5 24. Bg3 Bg5
25. Qe2 Bxc1 26. Rxc1 Qe7 27. Rd1 Qc7 28. Bh4 g5 29. Bg3 Nc8 30. h4 Ne7 31.
hxg5 hxg5 32. Bh5 Kg7 33. Qg4 f6 34. f4 exf4 35. Bxf4 Bd7 36. Qg3 Nc8 37. Nd5
Qc6 38. Nxf6 g4 39. Qh4 Rh8 40. Qg5+ Kf8 41. Nd5 Rh7 42. Qf6+ Kg8 43. Bh6 Rxh6
44. Qxh6 1-0

[Event "23e tournoi d'automne"]
[Site "Montigny le Bretonneux"]
[Date "2025.10.24"]
[Round "7.17"]
[White "Montay, Jean-Paul"]
[Black "Chakour, Samir"]
[Result "0-1"]
[WhiteElo "1549"]
[BlackElo "1399"]
[Annotator "Rivier,Sylvain"]
[PlyCount "66"]
[EventDate "2025.??.??"]
[WhiteTeam "La Dame Noire"]
[BlackTeam "Saint-Quentin en Yvelines"]

{Défense néo-Grünfeld, variante principale} 1. c4 Nf6 2. Nc3 g6 3. g3 Bg7 4.
Bg2 O-O 5. Nf3 c6 6. O-O d5 7. cxd5 cxd5 8. d4 Bf5 9. Bf4 Nc6 10. a3 Qd7 11.
Re1 Bh3 12. Bh1 Rae8 13. Rc1 Nh5 14. Be3 e5 15. Qa4 a6 16. dxe5 Bxe5 17. Bd4 b5
18. Qd1 Nxd4 19. Nxe5 Qa7 20. e3 Rxe5 21. Qxd4 Qxd4 22. exd4 Rf5 23. Nxd5 Kg7
24. Nc7 Rd8 25. Nxa6 Rxd4 26. Rc2 Rc4 27. Nb4 Rfc5 28. Rec1 Re5 29. Bg2 Bf5 30.
Rxc4 bxc4 31. Rxc4 Re1+ 32. Bf1 Bh3 33. f3 Rxf1# 0-1

[Event "23e tournoi d'automne"]
[Site "Montigny le Bretonneux"]
[Date "2025.10.24"]
[Round "7.18"]
[White "Derex, Nicolas"]
[Black "Garabedian, Christophe"]
[Result "1-0"]
[WhiteElo "1654"]
[BlackElo "1399"]
[Annotator "Rivier,Sylvain"]
[PlyCount "63"]
[EventDate "2025.??.??"]
[WhiteTeam "C.E. Fontenay le Fleury Les Fous Furieux"]
[BlackTeam "La Dame Noire"]

{Défense moderne, système Averbach} 1. d4 g6 2. c4 d6 3. Nc3 Bg7 4. e4 Nd7 5.
Nf3 e5 6. d5 Ne7 7. Be2 O-O 8. O-O f5 9. Ng5 Nc5 10. b4 Nxe4 11. Ncxe4 fxe4 12.
Nxe4 Nf5 13. Bb2 Qh4 14. Qc2 Nd4 15. Bxd4 exd4 16. Bd3 Bf5 17. Rae1 Rae8 18.
Re2 Be5 19. Ng3 Bg4 20. Re4 Qg5 21. Rfe1 Rf7 22. Be2 Bf5 23. Nxf5 Qxf5 24. f4
Kg7 25. Bd3 Ref8 26. Rxe5 Qxf4 27. Re7 Kg8 28. Rxf7 Qxf7 29. Qe2 Qg7 30. Qe7 c5
31. bxc5 dxc5 32. d6 1-0

[Event "23e tournoi d'automne"]
[Site "Montigny le Bretonneux"]
[Date "2025.10.24"]
[Round "7.19"]
[White "Ben Abdallah, Mohammed"]
[Black "Demeocq, Agathe"]
[Result "1-0"]
[WhiteElo "1299"]
[BlackElo "1299"]
[Annotator "Rivier,Sylvain"]
[PlyCount "97"]
[EventDate "2025.??.??"]
[WhiteTeam "La Dame Noire"]
[BlackTeam "Geneston Sud Loire échecs"]

{Gambit dame} 1. d4 d5 2. c4 e6 3. Nc3 Nf6 4. cxd5 exd5 5. Nf3 Bd6 6. Bg5 Be7
7. e3 a6 8. Bxf6 Bxf6 9. h3 O-O 10. Bd3 Nc6 11. O-O Ne7 12. Rc1 Bf5 13. Bxf5
Nxf5 14. b4 a5 15. b5 Nh4 16. e4 dxe4 17. Nxe4 Nxf3+ 18. Qxf3 Be7 19. d5 Qxd5
20. Nf6+ Bxf6 21. Qxd5 Bb2 22. Rxc7 Rad8 23. Qxb7 Rd4 24. Rc8 Rdd8 25. Rxd8
Rxd8 26. Rd1 Rxd1+ 27. Kh2 Rd8 28. b6 Be5+ 29. g3 h6 30. Qe7 Bf6 31. Qc7 Rd5
32. Qc6 Rd2 33. Kg2 Be5 34. b7 f6 35. Qb6 Rb2 36. Qxb2 Bxb2 37. b8=Q+ Kh7 38.
Qxb2 Kg6 39. h4 Kf7 40. Kf3 Kg6 41. Qc2+ Kf7 42. h5 Kg8 43. Kf4 Kf8 44. Qe4 Kg8
45. Qe7 Kh8 46. Kf5 Kh7 47. Qf7 Kh8 48. Kg6 a4 49. Qf8# 1-0